Najważniejsze wojny w historii Polski - Statystyki

Ogólne statystyki
  • Ten quiz został rozwiązany 58 razy
  • Średni wynik to 9 z 30
Statystyki odpowiedzi
Lata Opis Nazwa wojny % Poprawnych
1002 - 1018 Był to konflikt Polski z silniejszym sąsiadem, w jego efekcie Polskie granice były przesunięte najdalej na zachód w historii. Wojna polsko-niemiecka (1002 - 1018)
66%
1018 - 1019 Podczas tej wojny Bolesław Chrobry miał według legend wyszczerbić swój miecz o bramę zdobytej stolicy wroga. Wyprawa Bolesława Chrobrego na Kijów
51%
1939 - 1945 Od ataku na Polskę dwóch totalitarnych mocarstw rozpoczął się największy konflikt w dziejach ludzkości. II wojna światowa
46%
1794 Ostatnia próba uratowania Polski przed zagładą. Przywódca tego powstania jest znany z formowania oddziałów chłopskich, tzw. kosynierów. Insurekcja Kościuszkowska
39%
1655 - 1660 Wróg przybył do Polski zza morza, ale to nie temu konflikt zawdzięcza swoją nazwę. Jest dobrze znany głównie dzięki książce Henryka Sienkiewicza, a odniesienia do niego znajdują się w hymnie. Należy podać pełną nazwę. Potop szwedzki
39%
1830 - 1831 Pierwsze wielkie powstanie przeciwko zaborcy. Dowództwo powstania nie wierzyło w jego powodzenie, dlatego wielu historyków obwinia ich o jego upadek. Powstanie listopadowe
39%
1241 Najazd na Polskę z najbardziej nieoczekiwanej strony. Doprowadził do upadku monarchii Henryków Śląskich oraz pogłębienia rozbicia dzielnicowego. Punktem kulminacyjnym wojny była bitwa pod Legnicą. I najazd mongolski na Polskę
37%
1863 - 1864 Najdłużej trwające powstanie. W przeciwieństwie do poprzedniego powstania, walki miały charakter partyzancki, a Polska uzyskała poparcie międzynarodowej opinii publicznej. Powstanie styczniowe
37%
2002 - 2021 Ostatnia do tej pory wojna, w której brali udział Polscy żołnierze. Mimo niemal dwóch dekad walk, zakończyła się ona spektakularną porażką koalicji, porównywaną niekiedy do Wietnamu. Wojna w Afganistanie
34%
1919 - 1921 W wyniku tych trzech powstań Polska uzyskała ważny gospodarczo region, który od wieków był oderwany od Polski. Powstania śląskie
32%
1918 - 1919 Jedno z niewielu zwycięskich powstań. W jego wyniku spore połacie rdzennie Polskich ziem powróciły do macierzy. Powstanie wielkopolskie
32%
1454 - 1466 W wyniku wojny Polska odzyskała Pomorze Gdańskie. Myśląc nad nazwą tego konfliktu nie sugeruj się jego bezpośrednią długością. Należy podać pełną nazwę konfliktu. Wojna trzynastoletnia
32%
1683 - 1699 Wojna rozpoczęła się jednym z największych zwycięstw Polskiego oręża, chociaż nasi ówcześni sojusznicy nie odwdzięczyli się nam za pomoc w późniejszych latach. IV wojna polsko-turecka (odsiecz wiedeńska)
29%
1846 Podczas tego powstania chłopi zwrócili się przeciwko panom, dokonując wielkiej rzezi i doprowadzając powstanie do upadku. Powstanie krakowskie
29%
1604 - 1610 Wyprawy zorganizowane nie przez króla, ale przez Polskich magnatów w imieniu rzekomego cudownie ocalałego prawowitego władcy napadanego państwa. Należy podać oficjalną nazwę. Dymitriady
27%
1609 - 1618 W wyniku tej wojny Polska osiągnęła swój największy rozmiar, a także, po wielkim zwycięstwie Żółkiewskiego, przez niemal 2 lata okupowała stolicę wroga, której w przyszłości nie potrafił utrzymać Napoleon, ani zdobyć Hitler. II wojna polsko-rosyjska
27%
1968 Polska, razem z innymi krajami Układu Warszawskiego, zaatakowała sąsiadujący kraj w celu ukrócenia jego samowoli i prób uniezależnienia się od ZSRR. Interwencja Układu Warszawskiego w Czechosłowacji
27%
1577 - 1582 Król Stefan Batory pokonał w tej wojnie jednego z największych wrogów Polski. Jego zwycięstwa w tej wojnie uwiecznił na płótnie Jan Matejko. I wojna polsko-rosyjska
27%
1768 - 1772 Podczas tego konfliktu powstańcy starali się uwolnić Polskę od obcych wpływów, a także stawali w obronie tradycyjnych wartości. Wojna zakończyła się pierwszym rozbiorem Polski. Konfederacja barska
27%
1109 Podczas tego konfliktu doszło do słynnej obrony Głogowa, a także do legendarnej bitwy na Psim Polu. Najazd Henryka V na Polskę
27%
1797 - 1815 W trakcie trwania tego konfliktu (a w zasadzie ciągu konfliktów) Polacy liczyli na odzyskanie niepodległości, ale sojusznik Polski jedynie mamił Polaków obietnicami, które ostatecznie zostały jedynie częściowo spełnione. Wojny Napoleońskie
27%
2003 - 2008 Wojna, w której Polska brała udział jako sojusznik. Zakończyła się obaleniem wrogiego rządu i okupacją kraju (Polska kontrolowała własną strefę okupacyjną). II wojna w Zatoce Perskiej
24%
1648 - 1654 Jedna z największych tragedii w historii Polski. Ten konflikt rozpoczął ciąg wojen, które wyniszczyły wewnętrznie Rzeczpospolitą. Należy podać pełną nazwę. Powstanie Chmielnickiego
24%
1409 - 1411 Podczas tej wojny Polska odniosła najbardziej znane zwycięstwo w swojej historii - Grunwald. Należy podać pełną nazwę konfliktu. Wielka wojna z Zakonem Krzyżackim
24%
1327 - 1332 Podczas tej wojny miała miejsce bitwa pod Płowcami. Dzięki zwycięstwu Łokietka Polska obroniła swoją suwerenność. Wojna polsko-krzyżacka (1327 - 1332)
24%
1919 - 1921 Wojna która zadecydowała o dalszym istnieniu Polski. Podczas jej trwania najbardziej wsławił się marszałek Piłsudski, którego zwycięstwo nazwano "Cudem nad Wisłą". Wojna polsko-bolszewicka
22%
1918 - 1919 Wojna rozpoczęła się od oblężenia stolicy regionu przez przeciwnika. W celu obrony przed wrogimi wojskami miasta broniły także dzieci, zwane później Orlętami. Wojna polsko-ukraińska
22%
1792 Uchwalenie konstytucji 3 maja nie spodobało się niektórym magnatom, którzy sprzymierzyli się z Rosją aby ją obalić. Po wojnie nastąpił drugi rozbiór Polski. Konfederacja targowicka
20%
1444 W wyniku tej wyprawy król Polski i Węgier stracił życie, a Polska pogrążyła się w trzyletnim bezkrólewiu. Wyprawa Władysława III na Turcję
20%
1038 - lata 40 XI w. Ten konflikt doprowadził do upadku struktur państwa Polskiego i poważnego wyniszczenia kraju. Część ludności powróciła w tym czasie do pogaństwa. Reakcja pogańska
17%
Nie znaleziono quizów pasujących do podanych kryteriów
Rozkład punktacji
Procent ludzi z każdym wynikiem
Percentyl według liczby udzielonych odpowiedzi
Twoja historia wyników
Nie rozwiązałeś tego quizu